| 000 | 00886nam a2200229Ii 4500 | ||
|---|---|---|---|
| 003 | JO-AjNU | ||
| 008 | 230605s9999||||xx |||||||||||||| ||und|| | ||
| 017 | _a2009/2/569 | ||
| 020 | _a978-9957-33-176-4 | ||
| 040 |
_aJO-AjNU _bara _erda _cJO-AjNU |
||
| 041 | _aara | ||
| 050 | 1 | 4 | _aT58.5.M343 2008 |
| 100 | 3 |
_a تأليف :المهداوي ، سعد عبدالستار مهدي , _eauthor _930234 |
|
| 245 | 0 | 0 | _aالجوانب الاخلاقية والمهنية في تكنولوجيا المعلومات =ETHICAL And professional issues in formation technology |
| 250 | _aط1 | ||
| 264 | 3 | 1 | _aعمان:دار الوراق للنشر ، 2008 |
| 300 | _a228ص | ||
| 336 |
_atext _btxt _2rdacontent |
||
| 337 |
_aunmediated _bn _2rdamedia |
||
| 338 |
_avolume _bnc _2rdacarrier |
||
| 650 | 4 |
_aاداب المهنة - تكنولوجيا المعلومات -الحواسيب _930235 |
|
| 999 |
_aA11961 _c15529 _d15529 |
||